Další možnosti energetických úspor v železniční dopravě

Bibliographic Details
Main Author: Váchal, Miloslav (Author)
Format: Article
Language:Czech
Subjects:

MARC

LEADER 00000nab a2200000 a 4500
001 vtls000212410
003 SK-MaSNL
005 20260304195451.0
008 160204c1984 xo 0 cze
015 |a SNBRA19rr/mm-uuuuu 
035 |a CL0222524 
040 |a SNKBUCL  |b slo  |c SNKBUCL  |e AACR2 
041 0 |a cze 
044 |a xo  |c SK 
080 |a 656.2  |2 1981 
100 1 |a Váchal, Miloslav  |4 aut  |9 970590 
245 1 0 |a Další možnosti energetických úspor v železniční dopravě  |c Miloslav Váchal 
300 |b Lit. 18 zázn. v slov., češ., ruš. 
650 0 7 |a železničná doprava  |2 snkbucl  |9 3185 
650 0 7 |a energia  |2 snkbucl  |9 15416 
655 7 |a články zo zborníkov  |2 snkbucl  |9 166140 
773 0 |t Znižovanie spotreby palív a energie v doprave  |d Žilina : Dom techniky ČSVTS, 1984 
850 |a Slovenská národná knižnica v Martine  |a MTA001 
852 |a SNK  |b KIS3GCP 
958 |a NB 
958 |a RK 
958 |a CZ 
992 |a RZB 
999 |c 3081663  |d 3083593